• 首页
  • 本馆介绍
  • 公告通知
  • 最新文献
  • 馆藏检索
  • 电子资源
  • 读者导购
  • 参考咨询
  • 我的图书馆
  • 登录
  • 详细信息显示
  • 放入我的书架
  • 预约/预借图书
  • 作者相关作品
  • 分类相关作品
  • 丛书相关作品
  • 出版社相关作品

书目信息

  • 表格格式
  • 工作单格式
  • 卡片格式
题名:
地理学评论
    
 
作者: 朱竑 主编 ;人文地理学沙龙纪实
分册: 第四辑  
出版信息: 北京   商务印书馆  2012.10
页数: 113页
开本: 26cm
丛书名:
单 册:
中图分类: K901-53 , K90-53 , K90-53
科图分类:
主题词: 人文地理学--文集 , 地理学--文集
电子资源:
ISBN: 978-7-100-09465-8
000 01288nam 2200301 45
001 1355756389
005 20130515101954.92
010    @a978-7-100-09465-8@dCNY33.00
100    @a20130108d2012 em y0chiy0121 ea
101 0  @achi
102    @aCN@b110000
105    @aa z 000yy
106    @ar
200 1  @a地理学评论@ADi Li Xue Ping Lun@h第四辑@HDi Si Ji@e第六届人文地理学沙龙纪实@EDi Liu Jie Ren Wen Di Li Xue Sha Long Ji Shi@f朱竑主编@FZhu竑 Zhu Bian
210    @a北京@c商务印书馆@d2012.10
215    @a113页@c图@d26cm
300    @a“第六届人文地理学沙龙”的举办及本刊的出版, 得到了科技部科技基础性工作专项“地理学方法研究”之课题三 (城市与社会文化地理学方法研究, 2007FY140800-3) 和课题二 (经济地理学方法研究, 2007FY140800-2) 的支持
330    @a本书内容包括: 人文地理学的机遇与挑战; 人文地理学研究的传统与创新; 人文地理学的未来与学者的责任等。
517 1  @a第六届人文地理学沙龙纪实@ADi Liu Jie Ren Wen Di Li Xue Sha Long Ji Shi
606 0  @a人文地理学@j文集
606 0  @a地理学@j文集
690    @aK901-53@v5
690    @aK90-53@v5
690    @aK90-53@v4
701  0 @a朱竑@AZhu竑@4主编
711 12 @a人文地理学沙龙纪实@ARen Wen Di Li Xue Sha Long Ji Shi@d(第6届 :@f2011 :@e华南师范大学)
801    @aCN@bTANGWEI@c20130112
905    @b0832479-83@dK90-53@e204:4@f5
    
    地理学评论.第四辑:第六届人文地理学沙龙纪实/朱竑主编.-北京:商务印书馆,2012.10
    113页:图;26cm
    “第六届人文地理学沙龙”的举办及本刊的出版, 得到了科技部科技基础性工作专项“地理学方法研究”之课题三 (城市与社会文化地理学方法研究, 2007FY140800-3) 和课题二 (经济地理学方法研究, 2007FY140800-2) 的支持
    
    ISBN 978-7-100-09465-8:CNY33.00
    本书内容包括: 人文地理学的机遇与挑战; 人文地理学研究的传统与创新; 人文地理学的未来与学者的责任等。
●
相关链接 在E读中查询图书 在五车中查询图书 在当当中查询图书 在豆瓣中查询图书


正题名:地理学评论     索取号:K90-53/204:4         预约/预借

序号 登录号 条形码 馆藏地/架位号 状态 备注
1 0832479   208324794   第二样本阅览室/ [索取号:K90-53/204:4] 在馆    
2 0832480   208324801   第二借阅区/ [索取号:K90-53/204:4] 在馆    
3 0832481   208324810   密集书库-资源管理系/ [索取号:K90-53/204:4] 在馆    
4 0832482   208324829   第二借阅区/ [索取号:K90-53/204:4] 在馆    
5 0832483   208324838   第二借阅区/ [索取号:K90-53/204:4] 在馆    
唐山师范学院图书馆 欢迎您!
大连网信软件有限公司© 版权所有